000 00389nam a22001697a 4500
003 MPLRDC
005 20220104143158.0
008 210129b ||||| |||| 00| 0 eng d
082 _a524.961 HLYX
100 _a不详
245 _a正确用词
_c
260 _a
_b合力有限公司
_c
300 _b
490 _aUPSR考生必备丛书
650 _a
942 _cBK
_o524.961 HLYX
999 _c37382
_d37372